Responses for Show #4330 - Friday, May 30, 2003

Contestants

[<< previous game]

Warren Usui, a computer programmer from Pacific Palisades, California

Mat Wahlstrom, a public relations specialist from San Diego, California

Katie Hamill, a lawyer from Arlington, Massachusetts (whose 1-day cash winnings total $12,800)

[next game >>]

Jeopardy! Round responses

SCIENCE OF THE TIMES
MUSICAL INSTRUMENT MAKERS
TV GAME SHOWS
HISTORIC HOMES
FEELING "ILL"
MISSOURI LOVES COMPANY
    $200 6
(Mat: What is the Big Bang?)

the Flood

KatieMat
    $200 11
organ

Warren
    $200 16
(Warren: Who are Michael Jackson's parents?)

Neil Armstrong

KatieWarren
    $200 26
Monticello

Warren
    $200 1
Illinois

Warren
    $200 18
Independence

Warren
    $400 7
nickel

Katie
    $400 12
guitar

Warren
    $400 17
Family Feud

Warren
    $400 27
John Brown

Katie
    $400 2
illiteracy

Warren
    $400 19
Kansas City Chiefs

Warren
    $600 8
light

Warren
    $600 13
Stradivarius

Warren
    $600 23
Pyramid

Katie
    $600 28
Jefferson Davis

Warren
    $600 3
illogical

Mat
    $600 20
George Washington Carver

Warren
    $800 9
(Warren: What is a sphere?)
(Katie: What is a prism?)

cube

KatieMatWarren
    $800 14
flute

Katie
    $800 24
(Warren: What is The $64,000 Pyramid?)

The $64,000 Question

MatWarren
    $3,000 29
Milwaukee

Warren
    $800 4
illegible

Katie
    $800 21
dogwood

Katie
    $1000 10
oceanography

Warren
    $1000 15
(Warren: What is the piano?)

drums

Warren
Triple Stumper
    $1000 25
Beat The Clock

Triple Stumper
    $1000 30
Nathaniel Hawthorne

Triple Stumper
    $1000 5
illusionist

Mat
    $1000 22
slave state

Katie

Scores at the first commercial break (after clue 15):

Katie Mat Warren
$1,400 $2,200 $1,600

Scores at the end of the Jeopardy! Round:

Katie Mat Warren
$4,400 $3,000 $6,000

Double Jeopardy! Round responses

POETS & POETRY
THE LANGUAGE OF CINEMA
TREE POTPOURRI
17th CENTURY AMERICA
LET'S PARTY!
(Alex: You have to identify the party of each candidate we will name.)
DISTURBING THE "P"s
    $400 6
Emily Dickinson

Mat
    $400 12
editing

Katie
    $400 21
watch out for that tree

Warren
    $400 11
(Warren: Who were the Huguenots?)

Dutch

KatieWarren
    $400 26
Green

Katie
    $400 1
punch

Triple Stumper
    $800 7
"The Charge of the Light Brigade"

Warren
    $800 13
action

Katie
    $800 22
Winnie-the-Pooh

Katie
    $800 15
Salem Witch Trials

Mat
    $800 27
Whig

Mat
    $800 2
parole board

Katie
    $1200 8
Robert Frost

Katie
    $1200 14
montage

Warren
    $1200 23
"The Joshua Tree"

Mat
    $3,000 16
(Mat: What is a public gathering?)

newspaper (it only lasted one issue)

Mat
    $1200 28
Socialist

Mat
    $1200 3
primates

Mat
    $1600 9
box with God

Mat
    $1600 18
gaffer

Katie
    $1600 24
Daphne

Mat
    $1600 17
Increase Mather

Katie
    $2,200 29
(Mat: What is the Alternative Party?)

Reform

Mat
    $1600 4
Pretoria

Warren
    $2000 10
Ezra Pound

Mat
    $2000 19
(Katie: What is a floodlight?)

key light

Katie
Triple Stumper
    $2000 25
"A Tree Grows in Brooklyn"

Katie
    $2000 20
House of Burgesses

Mat
    $2000 30
(Mat: What is the Dixiecrat Party?)

Progressive

Mat
Triple Stumper
    $2000 5
Pagliacci

Mat

Scores at the end of the Double Jeopardy! Round:

Katie Mat Warren
$12,400 $10,600 $9,600

[wagering suggestions for these scores]

Final Jeopardy! Round responses

U.S. CITIES
(Alex: [*], Texas, named for Sam Houston & is the 4th-largest U.S. city.)
WarrenWhat is Houston?
$5,000
MatWhat is Jefferson C
$2,400
KatieWhat is Washington, DC
$8,801
Houston

Final scores:

Katie Mat Warren
$3,599 $8,200 $14,600
3rd place: $1,000 2nd place: $2,000 New champion: $14,600

Game dynamics:

Coryat scores:

Katie Mat Warren
$12,400 $15,800 $7,400
19 R,
2 W
15 R,
4 W
(including 2 DDs)
18 R
(including 1 DD),
5 W

Combined Coryat: $35,600

[game clues] [game scores] [suggest correction]

Game tape date: 2003-02-05
The J! Archive is created by fans, for fans. Scraping, republication, monetization, and malicious use prohibited; this site may use cookies and collect identifying information. See terms. The Jeopardy! game show and all elements thereof, including but not limited to copyright and trademark thereto, are the property of Jeopardy Productions, Inc. and are protected under law. This website is not affiliated with, sponsored by, or operated by Jeopardy Productions, Inc. Join the discussion at JBoard.tv.